000
00289nam a2200121Ia 4500
008
220216s9999 xx 000 0 und d
100
_a
Nair Satheesh Chandran
245
0
_a
Rubberinum ashupaathry
260
_b
Karshakasree
_c
2010
300
_a
28
650
_a
Rubber Clinic
942
_c
BS
999
_c
51634
_d
51634